MARC

LEADER 00000nam0a2200000 4500
001 232279
005 20231101231146.0
035 |a (RuTPU)RU\TPU\book\253315 
090 |a 232279 
100 |a 20130211d1953 k y0slxy50 ba 
101 0 |a slx 
102 |a SK 
105 |a a z 000zy 
200 1 |a Vyskyty Mladsieho Paleozoika v oblasti Hodrusa-Vyhne  |e separatny vytlacok  |f O. Fusan, J. Salat 
210 |a Bratislava  |c Slovenskej Akademic  |d 1953 
215 |a C. 165-170.  |c il. 
225 1 |a Geologicky sbornik  |v Rocnik 3, Cislo 1-2 
317 |5 63413507: КР-1141  |a Поступила в НТБ в 2004 г. в составе книжного собрания профессора ТПИ К. В. Радугина. 
606 1 |a Палеозойские отложения  |2 stltpush  |3 (RuTPU)RU\TPU\subj\47983  |9 66866 
610 1 |a геология 
610 1 |a палеонтология 
610 1 |a палеонтолого-стратиграфические исследования 
610 1 |a палеозой 
610 1 |a библиотека К. В. Радугина 
675 |a 551.73  |v 3 
700 1 |a Fusan  |b O.  |g Oto 
701 1 |a Salat  |b J.  |g Jan 
801 1 |a RU  |b 63413507  |c 20130211 
801 2 |a RU  |b 63413507  |c 20131009  |g RCR 
942 |c BK